• 首页
  • 本馆介绍
  • 公告通知
  • 最新文献
  • 馆藏检索
  • 电子资源
  • 读者导购
  • 参考咨询
  • 我的图书馆
  • 登录
  • 详细信息显示
  • 放入我的书架
  • 预约/预借图书
  • 作者相关作品
  • 分类相关作品
  • 丛书相关作品
  • 出版社相关作品

书目信息

  • 表格格式
  • 工作单格式
  • 卡片格式
题名:
数学课程研究与教学案例分析
    
 
作者: 黄长虹 著
分册:  
出版信息: 沈阳   辽海出版社  2020.01
页数: 176页
开本: 24cm
丛书名:
单 册:
中图分类: G623.502
科图分类:
主题词: 小学数学课--课堂教学--教学研究
电子资源:
ISBN: 978-7-5451-5295-1
000 00866nam0 2200229 450
001 0103152700
005 20201103152732.0
010    @a978-7-5451-5295-1@dCNY50.00
100    @a20200713d2020 em y0chiy50 ea
101 0  @achi
102    @aCN@b210000
105    @ay z 000yy
106    @ar
200 1  @a数学课程研究与教学案例分析@Ashu xue ke cheng yan jiu yu jiao xue an li fen xi@f黄长虹著
210    @a沈阳@c辽海出版社@d2020.01
215    @a176页@d24cm
330    @a本书的结构是以《义务教育数学课程标准(2011年版)》为依据,阐明小学数学学科现代教育理论的若干基本观点,反映小学数学学科教育的特点,总结小学数学教育改革的初步成果,做到理论与实践的相结合,切合当前教学的需要。
606 0  @a小学数学课@x课堂教学@x教学研究
690    @aG623.502@v5
701  0 @a黄长虹@Ahuang chang hong@4著
801  0 @aCN@bBJSZM@c20201103
905    @b1257811-5@dG623.502@e1080@f5
    
    数学课程研究与教学案例分析/黄长虹著.-沈阳:辽海出版社,2020.01
    176页;24cm
    
    
    ISBN 978-7-5451-5295-1:CNY50.00
    本书的结构是以《义务教育数学课程标准(2011年版)》为依据,阐明小学数学学科现代教育理论的若干基本观点,反映小学数学学科教育的特点,总结小学数学教育改革的初步成果,做到理论与实践的相结合,切合当前教学的需要。
●
相关链接 在E读中查询图书 在五车中查询图书 在当当中查询图书 在豆瓣中查询图书


正题名:数学课程研究与教学案例分析     索取号:G623.502/1080         预约/预借

序号 登录号 条形码 馆藏地/架位号 状态 备注
1 1257811   212578110   第一样本阅览室/ [索取号:G623.502/1080] 在馆    
2 1257812   212578129   教育系资料室/ [索取号:G623.502/1080] 在馆    
3 1257813   212578138   教育系资料室/ [索取号:G623.502/1080] 在馆    
4 1257814   212578147   第四借阅区/ [索取号:G623.502/1080] 在馆    
5 1257815   212578156   第四借阅区/ [索取号:G623.502/1080] 在馆    
唐山师范学院图书馆 欢迎您!
大连网信软件有限公司© 版权所有